00462nam a2200181Ia 4500008004100000020001800041050001400059100001700073245002300090245007000113260001500183260001600198260000900214300001400223300002500237300001000262500000800272170918s9999 xx 000 0 und d a9780590047012 bP412 1993 aPenn, Audrey 4aThe kissing hand / cby Audrey Penn ; illustrated by Ruth E. Harper and Nancy M. Leak. aNew York : bScholastic, c1993 aunpaged : bcolor illustration ; c25cm. a590